000 00331nam a2200133Ia 4500
008 220204s9999 xx 000 0 und d
082 _a674(540)
_bPEA
100 _aBrown, H P
245 0 _aCommercial timbers of India. 2 V
260 _aDelhi
_bA J Reprints
_c1981
505 _aset price
700 _aPearson, R S
942 _cBK
999 _c39080
_d39080